[Event "Wch U12"]
[Site "Al Ain"]
[Date "2013.12.28"]
[Round "11"]
[White "Fakhrutdinov, Timur"]
[Black "Zhou, Chen"]
[Result "0-1"]
[WhiteElo "2121"]
[BlackElo "1958"]
[PlyCount "148"]
[EventDate "2013.12.18"]
[EventType "swiss"]
[EventRounds "11"]
[EventCountry "UAE"]
[SourceTitle "CBM 158 Extra"]
[Source "ChessBase"]
[SourceDate "2014.02.28"]
[SourceVersion "1"]
[SourceVersionDate "2014.02.28"]
[SourceQuality "1"]

1. e4 c5 2. Nf3 d6 3. d4 cxd4 4. Nxd4 Nf6 5. Nc3 Nc6 6. Bg5 e6 7. Qd2 a6 8. 0-0-0 Bd7 9. f4 b5 10. Bxf6 gxf6 11. a3 Qb6 12. Nf3 b4 13. axb4 Qxb4 14. Ne1 Rb8 15. Nd3 Qa5 16. Kb1 Nb4 17. Nc1 Qb6 18. Bc4 Nd5 19. Bb3 Ne3 20. Rde1 Nc4 21. Qe2 Na5 22. Qh5 Nxb3 23. Nxb3 Bg7 24. Rhf1 a5 25. Qxa5 Qxa5 26. Nxa5 f5 27. e5 dxe5 28. fxe5 Ke7 29. Rf4 Rhc8 30. Rc4 Rxc4 31. Nxc4 Bc6 32. g3 f6 33. Nd1 Rb4 34. exf6+ Bxf6 35. b3 Bd5 36. Nce3 Be4 37. Ka2 Rb8 38. Nb2 Bd4 39. Na4 Ra8 40. Re2 e5 41. Nc4 Bd5 42. Ka3 Kf6 43. Kb4 Rb8+ 44. Ka5 e4 45. Ncb6 Bc6 46. b4 Kg5 47. b5 Bb7 48. c3 Bf6 49. c4 Bd8 50. c5 Kg4 51. c6 Bc8 52. Re3 Bc7 53. Rc3 f4 54. gxf4 Kxf4 55. Kb4 Rxb6 56. Kc5 Rb8 57. b6 Be5 58. Rc4 Kf3 59. Kd5 Ba6 60. Rc2 Bf4 61. c7 Rg8 62. Nc5 Rg5+ 63. Kc6 Rg6+ 64. Kd7 Bb5+ 65. Ke7 Rc6 66. Nb3 Rxc2 67. Nd4+ Kf2 68. Nxc2 Ba6 69. Kd8 Bxh2 70. c8Q Bxc8 71. Kxc8 h5 72. Kd7 h4 73. Ke6 h3 74. Kf5 Bb8 0-1

[Event "Wch U12"]
[Site "Al Ain"]
[Date "2013.12.23"]
[Round "7"]
[White "Li, Ruifeng"]
[Black "Zhou, Chen"]
[Result "1-0"]
[WhiteElo "2291"]
[BlackElo "1958"]
[PlyCount "79"]
[EventDate "2013.12.18"]
[EventType "swiss"]
[EventRounds "11"]
[EventCountry "UAE"]
[SourceTitle "CBM 158 Extra"]
[Source "ChessBase"]
[SourceDate "2014.02.28"]
[SourceVersion "1"]
[SourceVersionDate "2014.02.28"]
[SourceQuality "1"]

1. e4 c5 2. Nf3 d6 3. d4 cxd4 4. Nxd4 Nf6 5. Nc3 Nc6 6. Bg5 e6 7. Qd3 a6 8. Be2 Be7 9. Rd1 h6 10. Bc1 Nxd4 11. Qxd4 0-0 12. e5 dxe5 13. Qxe5 Nd7 14. Qg3 Bh4 15. Qg4 f5 16. Qh5 Qe7 17. Bf4 e5 18. Nd5 Qd8 19. Bxh6 b5 20. Qg6 Rf7 21. Bh5 Qf8 22. Qxf7+ Qxf7 23. Bxf7+ Kxf7 24. Bc1 Rb8 25. 0-0 Nb6 26. Nb4 Bf6 27. b3 Bb7 28. Be3 Nc8 29. Nd5 Bd8 30. Bc5 Bg5 31. f3 Ke6 32. Nc7+ Kf6 33. Rfe1 e4 34. Nd5+ Bxd5 35. Rxd5 exf3 36. Rd8 Kg6 37. Rf8 fxg2 38. Kxg2 Bf6 39. Ree8 Rb7 40. Rxc8 1-0

[Event "Wch U12"]
[Site "Al Ain"]
[Date "2013.12.22"]
[Round "6"]
[White "Zhou, Chen"]
[Black "Gaifullin, Artur"]
[Result "1-0"]
[WhiteElo "1958"]
[BlackElo "2061"]
[PlyCount "91"]
[EventDate "2013.12.18"]
[EventType "swiss"]
[EventRounds "11"]
[EventCountry "UAE"]
[SourceTitle "CBM 158 Extra"]
[Source "ChessBase"]
[SourceDate "2014.02.28"]
[SourceVersion "1"]
[SourceVersionDate "2014.02.28"]
[SourceQuality "1"]

1. e4 e5 2. Nf3 Nc6 3. Bb5 a6 4. Ba4 d6 5. 0-0 Bd7 6. c3 Nge7 7. d4 Ng6 8. Be3 Be7 9. Nbd2 h6 10. Re1 Bg5 11. Nf1 b5 12. Bb3 Bxe3 13. Nxe3 0-0 14. Qd2 Na5 15. Bc2 Be6 16. d5 Bd7 17. b4 Nb7 18. a4 Ne7 19. Nh4 Nc8 20. Nef5 Qg5 21. Re3 Kh7 22. axb5 Bxb5 23. c4 Be8 24. c5 Bb5 25. c6 Nd8 26. Bd3 Na7 27. Qe2 g6 28. Nf3 Qf6 29. Ng3 Ndxc6 30. dxc6 Bxd3 31. Qxd3 Nxc6 32. Qc4 Ne7 33. Rea3 Qf4 34. Qxc7 Qf6 35. Rxa6 Rfc8 36. Qa5 Nc6 37. Rxa8 Nxa5 38. Rxc8 Nb3 39. Rb1 Qe6 40. Rc3 Nd4 41. Nxd4 exd4 42. Rd3 Qc4 43. Rbb3 f5 44. exf5 gxf5 45. b5 f4 46. Nf1 1-0

[Event "Wch U12"]
[Site "Al Ain"]
[Date "2013.12.19"]
[Round "2"]
[White "Zhou, Chen"]
[Black "Khadzh, Khamed Dzhamil"]
[Result "1-0"]
[WhiteElo "1958"]
[BlackElo "1583"]
[PlyCount "93"]
[EventDate "2013.12.18"]
[EventType "swiss"]
[EventRounds "11"]
[EventCountry "UAE"]
[SourceTitle "CBM 158 Extra"]
[Source "ChessBase"]
[SourceDate "2014.02.28"]
[SourceVersion "1"]
[SourceVersionDate "2014.02.28"]
[SourceQuality "1"]

1. e4 c5 2. Nf3 Nc6 3. Bb5 d6 4. d4 Bd7 5. Bxc6 Bxc6 6. Nc3 g6 7. Be3 b6 8. Qd2 Bg7 9. 0-0 Nf6 10. d5 Bb7 11. Bh6 0-0 12. Rad1 Qd7 13. Rfe1 Bxh6 14. Qxh6 Ng4 15. Qh4 f6 16. Nd2 g5 17. Qg3 Kh8 18. Nf1 Rad8 19. h3 Ne5 20. Ne3 Bc8 21. f3 b5 22. Ne2 a5 23. f4 gxf4 24. Nxf4 Rg8 25. Qf2 Qe8 26. Kh2 Qf8 27. Qh4 Rg5 28. Rf1 Qg7 29. Rd2 Rg3 30. Qxg3 Qh6 31. Qf2 Rg8 32. Nd3 Nf7 33. Qf4 Ng5 34. Nf5 Qh5 35. Ne1 c4 36. Nf3 h6 37. Nxe7 Bxh3 38. Nxg5 Bxg2+ 39. Kxg2 Rxg5+ 40. Kf2 Rg4 41. Qxf6+ Rg7 42. Nf5 Qh2+ 43. Ke1 Qe5 44. Qxh6+ Kg8 45. Qxg7+ Qxg7 46. Nxg7 Kxg7 47. Rg2+ 1-0